| 000 | 02248nam0a22004811 4500 | ||
|---|---|---|---|
| 001 | RU\NLR\A1\PETRI\521 | ||
| 005 | 20260406161624.0 | ||
| 035 | _a(NLR Aleph) 009685528 | ||
| 090 |
_a9717434 _c9717434 |
||
| 100 | _a20260119 rusy50 | ||
| 101 | 0 | _arus | |
| 102 | _aRU | ||
| 135 | _acrcn 024anaba | ||
| 200 | 1 | _aУказ о новои манете | |
| 210 |
_aПечатан в Санктъпитербурге _d15 марта 1718 |
||
| 215 | _a1 л. | ||
| 304 | _aУказ дан Петром I в Преображенском 14 февр. 1718 г. | ||
| 307 | _aРазмер набора 91 x 109 мм | ||
| 316 |
_aВ экз. РНБ рукоп. запись о том, что в Петербургскую губернскую канцелярию принято 29 печатных листов "24 марта 18 году"; подпись подъячего Астафена Конищева. _5П-283 |
||
| 321 | 1 | _aСК 1708-1725 283 | |
| 325 | 1 | _aКопия доступна в электронной библиотеке РНБ | |
| 518 | 1 | _aУказ о новой монете | |
| 620 | _dСанкт-Петербург | ||
| 702 | 0 |
_4720 _8rus _7ca _aПетр _cимператор российский _dI _f1672-1725 _3RU\NLR\AUTH\778862 _9118743 |
|
| 702 | 1 |
_aКонищев _bА. _gАстафен _4570 |
|
| 712 | 0 | 2 |
_aСанкт-Петербургская типография _4610 |
| 801 | 0 |
_aRU _bNLR _c20000517 |
|
| 852 |
_aNLR _jП-283 |
||
| 856 | 0 | _uhttp://vivaldi.nlr.ru/bx000018153/view | |
| 856 | 1 | _uhttp://vivaldi.nlr.ru/bx000018153/cover | |
| 856 | 2 | _uhttp://vivaldi.nlr.ru/bx000018153/text | |
| 901 | _eКнижные издания | ||
| 942 | _cBOOK | ||
| 980 | _aNB | ||
| 980 | 3 | _akpcivil | |
| 980 | 3 | _akp | |
| 980 | _aA1XVIIIv | ||
| 980 | _aA1PetrI | ||
| 981 | 1 | 6 | _a(16) Законодательные акты Российской империи |
| 981 | 2 | 0 |
_a(20) Книжные памятники РНБ _b(20) Отдел редких книг |